003460000a220010900045001000022000007000021000227000018000437000024000612450088000850410013001737730050001861 aPorter, Calvin A.1 aThompson, Pamela1 aBlack, Hal L.1 aJorgensen, Clive D.10aGenetic variability in a population of Paraponera clavata (Hymenoptera: Formicidae)0 aInglés1 tSouthwestern naturalisth3q381-385d1986g31